Определение поглощательной способности слоистой атмосферы с отражающей поверхностью на верхней границе; Оптика атмосферы и океана. Физика атмосферы; Конференция А. Молекулярная спектроскопия и атмосферные радиационные процессы
| Parent link: | Оптика атмосферы и океана. Физика атмосферы: материалы XXI Международного симпозиума, 22-26 июня 2015 г., г. Томск/ Российская академия наук (РАН), Сибирское отделение (СО), Институт оптики атмосферы им. В. Е. Зуева (ИОА).— , 2015 Конференция А. Молекулярная спектроскопия и атмосферные радиационные процессы.— 2015.— [С. A69-A72] |
|---|---|
| Autor principal: | |
| Autor Corporativo: | |
| Outros Autores: | , |
| Resumo: | Заглавие с титульного листа Рассмотрен перенос излучения в слоистой атмосфере с учетом влияния отражающей поверхности на верхнейгранице. Получено аналитическое выражение для расчета поглощательной способности слоистой атмосферы сотражающей поверхностью. Показано, что величина поглощательной способности сильно зависит отстратификации оптических параметров атмосферы. Установлено, что наибольшая поглощательная способностьслоистой атмосферы реализуется при загрязнении верхних слоев атмосферы (при прочих равных условиях), иимеет наименьшую величину при наибольшей концентрации загрязнений в приземном слое атмосферы. |
| Idioma: | russo |
| Publicado em: |
2015
|
| Assuntos: | |
| Acesso em linha: | http://symp.iao.ru/files/symp/aoo/21/Конференция%20А_%20Молекулярная%20спектроскопия%20и%20атмосферные%20радиационные%20процессы.pdf#page=70 |
| Formato: | Recurso Electrónico Capítulo de Livro |
| KOHA link: | https://koha.lib.tpu.ru/cgi-bin/koha/opac-detail.pl?biblionumber=645987 |
MARC
| LEADER | 00000naa0a2200000 4500 | ||
|---|---|---|---|
| 001 | 645987 | ||
| 005 | 20250620144644.0 | ||
| 035 | |a (RuTPU)RU\TPU\network\11092 | ||
| 035 | |a RU\TPU\network\11091 | ||
| 090 | |a 645987 | ||
| 100 | |a 20160205d2015 k y0rusy50 ca | ||
| 101 | 0 | |a rus | |
| 102 | |a RU | ||
| 135 | |a drgn ---uucaa | ||
| 181 | 0 | |a i | |
| 182 | 0 | |a b | |
| 200 | 1 | |a Определение поглощательной способности слоистой атмосферы с отражающей поверхностью на верхней границе |f Б. В. Горячев, Г. Ю. Григорьев, Е. В. Волкова | |
| 203 | |a Текст |c электронный | ||
| 300 | |a Заглавие с титульного листа | ||
| 320 | |a [Библиогр.: с. A72 (4 назв.)] | ||
| 330 | |a Рассмотрен перенос излучения в слоистой атмосфере с учетом влияния отражающей поверхности на верхнейгранице. Получено аналитическое выражение для расчета поглощательной способности слоистой атмосферы сотражающей поверхностью. Показано, что величина поглощательной способности сильно зависит отстратификации оптических параметров атмосферы. Установлено, что наибольшая поглощательная способностьслоистой атмосферы реализуется при загрязнении верхних слоев атмосферы (при прочих равных условиях), иимеет наименьшую величину при наибольшей концентрации загрязнений в приземном слое атмосферы. | ||
| 461 | 1 | |t Оптика атмосферы и океана. Физика атмосферы |o материалы XXI Международного симпозиума, 22-26 июня 2015 г., г. Томск |f Российская академия наук (РАН), Сибирское отделение (СО), Институт оптики атмосферы им. В. Е. Зуева (ИОА) |d 2015 | |
| 463 | 1 | |t Конференция А. Молекулярная спектроскопия и атмосферные радиационные процессы |v [С. A69-A72] |d 2015 | |
| 610 | 1 | |a электронный ресурс | |
| 610 | 1 | |a труды учёных ТПУ | |
| 610 | 1 | |a радиация | |
| 610 | 1 | |a поглощение | |
| 610 | 1 | |a атмосфера | |
| 610 | 1 | |a отражающие поверхности | |
| 700 | 1 | |a Горячев |b Б. В. |c физик |c доцент Томского политехнического университета, кандидат физико-математических наук |f 1947- |g Борис Валентинович |3 (RuTPU)RU\TPU\pers\25460 |9 11399 | |
| 701 | 1 | |a Григорьев |b Г. Ю. |g Геннадий Юрьевич | |
| 701 | 1 | |a Волкова |b Е. В. |g Екатерина Владимировна | |
| 712 | 0 | 2 | |a Национальный исследовательский Томский политехнический университет (ТПУ) |b Физико-технический институт (ФТИ) |b Кафедра общей физики (ОФ) |3 (RuTPU)RU\TPU\col\18734 |
| 801 | 2 | |a RU |b 63413507 |c 20160205 |g RCR | |
| 850 | |a 63413507 | ||
| 856 | 4 | |u http://symp.iao.ru/files/symp/aoo/21/Конференция%20А_%20Молекулярная%20спектроскопия%20и%20атмосферные%20радиационные%20процессы.pdf#page=70 | |
| 942 | |c CF | ||